[Event "35. Open Villa de Benasque 2015"]
[Site "Benasque ESP"]
[Date "2015.07.07"]
[Round "6.1"]
[White "Granda Zuniga, Julio E"]
[Black "Jakubowski, Krzysztof"]
[Result "1-0"]
[WhiteElo "2652"]
[BlackElo "2565"]
[PlyCount "71"]
[EventDate "2015.07.03"]
[EventType "swiss"]
[EventRounds "10"]
[EventCountry "ESP"]
[Source "lmi"]
[SourceDate "2015.07.03"]
[WhiteClock "0:13:15"]
[BlackClock "0:19:38"]

1. Nf3 d5 2. g3 c6 3. Bg2 Bg4 4. b3 Nd7 5. Bb2 Qc7 6. c4 dxc4 7. bxc4 e5 8. O-O
Ngf6 9. d3 Bd6 10. Nbd2 O-O 11. h3 Bxf3 12. Bxf3 Nc5 13. Bg2 Rad8 14. Qc2 Ne6
15. e3 Rd7 16. Rad1 Rfd8 17. Nf3 h6 18. Bc3 Ng5 19. Nh4 Nfh7 20. Qb2 f6 21. Qe2
Nf8 22. d4 Nf7 23. Nf5 g6 24. Nxd6 Rxd6 25. h4 h5 26. c5 R6d7 27. Qc4 Kg7 28.
Rb1 Re8 29. Rb3 e4 30. Rfb1 g5 31. hxg5 Nxg5 32. Rxb7 Qxb7 33. Rxb7 Rxb7 34. d5
Rb1+ 35. Kh2 Ng6 36. dxc6 1-0

[Event "35. Open Villa de Benasque 2015"]
[Site "Benasque ESP"]
[Date "2015.07.07"]
[Round "6.2"]
[White "Rodshtein, Maxim"]
[Black "Vocaturo, Daniele"]
[Result "1/2-1/2"]
[WhiteElo "2678"]
[BlackElo "2572"]
[PlyCount "113"]
[EventDate "2015.07.03"]
[EventType "swiss"]
[EventRounds "10"]
[EventCountry "ESP"]
[Source "lmi"]
[SourceDate "2015.07.03"]
[WhiteClock "0:00:39"]
[BlackClock "0:03:36"]

1. d4 Nf6 2. c4 e6 3. Nd2 Bb4 4. a3 Be7 5. g3 O-O 6. Bg2 d5 7. Ngf3 b6 8. O-O
Bb7 9. cxd5 exd5 10. b3 Nbd7 11. Bb2 c5 12. Ne5 Re8 13. Re1 Rb8 14. e3 Bf8 15.
Rc1 Nxe5 16. dxe5 Nd7 17. f4 f6 18. Nf1 fxe5 19. Bxd5+ Kh8 20. Bxb7 Rxb7 21.
Qf3 Rc7 22. Rcd1 Qe7 23. e4 Qf7 24. Kg2 exf4 25. gxf4 c4 26. b4 a5 27. Bc3 axb4
28. axb4 Ra7 29. Ng3 Ra2+ 30. Kh1 Ne5 31. Bxe5 Rxe5 32. Nf5 Re6 33. Rg1 Ra8 34.
e5 Rae8 35. Qe4 b5 36. Nd4 Rh6 37. Rg2 Bxb4 38. Nxb5 Rh4 39. Rf1 Rf8 40. Rgf2
Bc5 41. Rf3 Qh5 42. Qc2 Ra8 43. Qg2 Rf8 44. Nc3 h6 45. Ne4 Bd4 46. Ng3 Qf7 47.
Ne2 Bb6 48. f5 Bc7 49. Qg3 Re4 50. Nf4 Re8 51. e6 Qe7 52. Ng6+ Kh7 53. Nxe7
Bxg3 54. hxg3 Rxe7 55. Rf4 Rxf4 56. Rxf4 Rc7 57. e7 1/2-1/2

[Event "35. Open Villa de Benasque 2015"]
[Site "Benasque ESP"]
[Date "2015.07.07"]
[Round "6.3"]
[White "Gretarsson, Hjorvar Steinn"]
[Black "Adhiban, B."]
[Result "1/2-1/2"]
[WhiteElo "2559"]
[BlackElo "2627"]
[PlyCount "66"]
[EventDate "2015.07.03"]
[EventType "swiss"]
[EventRounds "10"]
[EventCountry "ESP"]
[Source "lmi"]
[SourceDate "2015.07.03"]
[WhiteClock "1:01:36"]
[BlackClock "0:34:57"]

1. d4 Nf6 2. c4 g6 3. Nc3 d5 4. Bf4 Bg7 5. Rc1 O-O 6. e3 c5 7. dxc5 Be6 8. Nf3
Nc6 9. Ng5 Qa5 10. Be2 Rfd8 11. Nxe6 fxe6 12. Qa4 Qxc5 13. O-O d4 14. exd4 Nxd4
15. Rfe1 Nxe2+ 16. Rxe2 Rac8 17. Rce1 Qxc4 18. Qxc4 Rxc4 19. g3 Rc6 20. Rxe6
Rxe6 21. Rxe6 Kf7 22. Re2 Nd5 23. Nxd5 Rxd5 24. Be3 a5 25. b3 b5 26. Rc2 Bd4
27. Bxd4 Rxd4 28. Rc5 Rd2 29. a4 b4 30. Rxa5 Rd3 31. Rb5 Rxb3 32. a5 Ra3 33.
Rxb4 Rxa5 1/2-1/2

[Event "35. Open Villa de Benasque 2015"]
[Site "Benasque ESP"]
[Date "2015.07.07"]
[Round "6.4"]
[White "Cori, Jorge"]
[Black "Baron, Tal"]
[Result "1-0"]
[WhiteElo "2623"]
[BlackElo "2509"]
[PlyCount "127"]
[EventDate "2015.07.03"]
[EventType "swiss"]
[EventRounds "10"]
[EventCountry "ESP"]
[Source "lmi"]
[SourceDate "2015.07.03"]
[WhiteClock "0:03:42"]
[BlackClock "0:03:21"]

1. Nf3 Nf6 2. c4 c5 3. g3 d5 4. cxd5 Nxd5 5. Bg2 Nc6 6. Nc3 Nc7 7. a3 g6 8. d3
Bg7 9. O-O O-O 10. Be3 Nd4 11. Rc1 Bg4 12. Nd2 Qd7 13. Nde4 Na6 14. Re1 Rac8
15. Nd5 Kh8 16. Nec3 b5 17. Bg5 f6 18. Bd2 b4 19. Nb1 Be6 20. e3 Bxd5 21. Bxd5
Qxd5 22. exd4 bxa3 23. Nxa3 Qb7 24. dxc5 Nxc5 25. Be3 Na6 26. Qa4 Nb4 27. Rxc8
Rxc8 28. Qxa7 Qxa7 29. Bxa7 Nxd3 30. Rxe7 Nxb2 31. Nb5 Kg8 32. Bd4 Nd3 33. Kg2
Kf8 34. Re3 Nb4 35. Nd6 Ra8 36. Bc5 Na6 37. Ba3 Kg8 38. Ne8 Ra7 39. Bb2 Nb4 40.
Bxf6 Nd5 41. Nxg7 Nxe3+ 42. fxe3 Kf7 43. Bd4 Ra2+ 44. Kg1 Rd2 45. g4 Re2 46. h4
Rd2 47. h5 Rc2 48. hxg6+ hxg6 49. Kf1 Rd2 50. g5 Ra2 51. Bf6 Rc2 52. e4 Ra2 53.
e5 Ra1+ 54. Ke2 Ra2+ 55. Kd3 Ra3+ 56. Kd4 Ra4+ 57. Kd5 Ra5+ 58. Kc6 Ra6+ 59.
Kb7 Ra4 60. e6+ Kg8 61. e7 Kh7 62. Be5 Re4 63. e8=Q Rb4+ 64. Kc8 1-0

[Event "35. Open Villa de Benasque 2015"]
[Site "Benasque ESP"]
[Date "2015.07.07"]
[Round "6.5"]
[White "Antal, Gergely"]
[Black "Naroditsky, Daniel"]
[Result "1/2-1/2"]
[WhiteElo "2512"]
[BlackElo "2622"]
[PlyCount "63"]
[EventDate "2015.07.03"]
[EventType "swiss"]
[EventRounds "10"]
[EventCountry "ESP"]
[Source "lmi"]
[SourceDate "2015.07.03"]

1. e4 e5 2. Nf3 Nc6 3. d4 exd4 4. Nxd4 Nf6 5. Nxc6 bxc6 6. e5 Qe7 7. Qe2 Nd5 8.
c4 Ba6 9. Nd2 g6 10. Nf3 Bg7 11. Bg5 Qb4+ 12. Qd2 Qxd2+ 13. Bxd2 Nb6 14. b3 d5
15. cxd5 Bxf1 16. Rxf1 cxd5 17. Rc1 O-O-O 18. Kd1 Rd7 19. Re1 Re8 20. Bf4 Kb7
21. Re2 d4 22. h4 Bf8 23. Bd2 Ba3 24. Rb1 d3 25. Re1 Bc5 26. Be3 Bxe3 27. fxe3
d2 28. Rf1 f6 29. e4 fxe5 30. Rb2 Rf8 31. Rxd2 Rf4 32. Re1 1/2-1/2

[Event "35. Open Villa de Benasque 2015"]
[Site "Benasque ESP"]
[Date "2015.07.07"]
[Round "6.6"]
[White "Grigoriants, Sergey"]
[Black "Shyam, Sundar M"]
[Result "1-0"]
[WhiteElo "2594"]
[BlackElo "2492"]
[PlyCount "135"]
[EventDate "2015.07.03"]
[EventType "swiss"]
[EventRounds "10"]
[EventCountry "ESP"]
[Source "lmi"]
[SourceDate "2015.07.03"]
[WhiteClock "0:02:28"]

1. Nf3 d5 2. d4 Nf6 3. c4 e6 4. Nc3 Be7 5. g3 Nbd7 6. Qd3 b6 7. cxd5 exd5 8.
Bg2 Bb7 9. O-O O-O 10. Bf4 c5 11. Rad1 Ne4 12. Ne5 c4 13. Qc2 f5 14. b3 g5 15.
Be3 cxb3 16. Qxb3 Ndf6 17. Nxe4 Nxe4 18. f3 Nd6 19. f4 Ne4 20. fxg5 Kg7 21.
Bxe4 dxe4 22. Qe6 Qd6 23. d5 Rad8 24. Qh6+ Qxh6 25. gxh6+ Kf6 26. Nc6 Bxc6 27.
dxc6 Ke6 28. Bf4 b5 29. c7 Rxd1 30. Rxd1 b4 31. Rc1 Kd7 32. Kf2 a5 33. Ke3 a4
34. Kd4 Ra8 35. Kc4 Ra5 36. Rd1+ Kc8 37. Bd6 Bxd6 38. Rxd6 b3 39. axb3 a3 40.
Rd1 Kxc7 41. Ra1 Ra6 42. e3 Rxh6 43. Ra2 Kb6 44. Kb4 Rd6 45. Kxa3 Rd3 46. Rf2
Rxe3 47. Rxf5 Re2 48. Rh5 e3 49. Kb4 Kc6 50. Kc4 Rc2+ 51. Kd3 e2 52. Re5 e1=Q
53. Rxe1 Rxh2 54. Ke4 h5 55. Kf5 Rh3 56. Rg1 Kc5 57. Kf4 h4 58. g4 Rxb3 59. g5
h3 60. g6 h2 61. Rh1 Rb2 62. Ke5 Rg2 63. Kf6 Rf2+ 64. Ke6 Rg2 65. Kf7 Rf2+ 66.
Kg8 Kd4 67. g7 Ke3 68. Kh7 1-0

[Event "35. Open Villa de Benasque 2015"]
[Site "Benasque ESP"]
[Date "2015.07.07"]
[Round "6.8"]
[White "Kohlweyer, Bernd"]
[Black "Romanov, Evgeny"]
[Result "0-1"]
[WhiteElo "2419"]
[BlackElo "2575"]
[PlyCount "44"]
[EventDate "2015.07.03"]
[EventType "swiss"]
[EventRounds "10"]
[EventCountry "ESP"]
[Source "lmi"]
[SourceDate "2015.07.03"]

1. d4 Nf6 2. c4 e6 3. g3 c5 4. d5 exd5 5. cxd5 d6 6. Nc3 g6 7. Bg2 Bg7 8. Nf3
O-O 9. O-O Na6 10. Bf4 Nc7 11. e4 Nh5 12. Bg5 f6 13. Bd2 f5 14. exf5 Bxf5 15.
h3 Nf6 16. Ng5 h6 17. Ne6 Nxe6 18. dxe6 Bxe6 19. Be3 Qd7 20. Kh2 Rad8 21. Qd2
Kh7 22. Rad1 b6 0-1

[Event "35. Open Villa de Benasque 2015"]
[Site "Benasque ESP"]
[Date "2015.07.07"]
[Round "6.9"]
[White "Stocek, Jiri"]
[Black "Kantsler, Boris"]
[Result "1/2-1/2"]
[WhiteElo "2573"]
[BlackElo "2415"]
[PlyCount "113"]
[EventDate "2015.07.03"]
[EventType "swiss"]
[EventRounds "10"]
[EventCountry "ESP"]
[Source "lmi"]
[SourceDate "2015.07.03"]

1. d4 d6 2. Nf3 g6 3. c4 Bg7 4. Nc3 Nf6 5. e4 O-O 6. h3 Na6 7. Be3 c5 8. Bd3
cxd4 9. Bxd4 Nb4 10. O-O Nc6 11. Be3 b6 12. Qd2 Bb7 13. Rad1 Rc8 14. Bh6 Ne5
15. Nxe5 Bxh6 16. Qxh6 dxe5 17. Be2 Qc7 18. Nd5 Qd8 19. Nc3 Qc7 20. Nd5 Bxd5
21. exd5 Ne4 22. Qe3 Nd6 23. Rfe1 Nxc4 24. Bxc4 Qxc4 25. Qxe5 Rc7 26. Qg5 Qb4
27. a3 Qd6 28. Rd4 Rd7 29. Rh4 Qf6 30. Qxf6 exf6 31. Rd4 Rfd8 32. Red1 h5 33.
g4 hxg4 34. hxg4 Rd6 35. Kg2 Re8 36. Rc1 Red8 37. Rc7 Rxd5 38. Rxd5 Rxd5 39.
Rxa7 f5 40. Rb7 b5 41. g5 f4 42. Kf3 Rxg5 43. Kxf4 Rf5+ 44. Ke4 Kg7 45. f4 Kf6
46. b3 Ke6 47. Rc7 Rh5 48. Rc6+ Kd7 49. Rf6 Ke7 50. Rb6 Rf5 51. a4 bxa4 52.
bxa4 Ra5 53. Rb4 g5 54. Rb7+ Kf6 55. fxg5+ Rxg5 56. Rb6+ Ke7 57. Ra6 1/2-1/2

[Event "35. Open Villa de Benasque 2015"]
[Site "Benasque ESP"]
[Date "2015.07.07"]
[Round "6.10"]
[White "Burmakin, Vladimir"]
[Black "Suarez Gomez, Julio"]
[Result "1/2-1/2"]
[WhiteElo "2571"]
[BlackElo "2400"]
[PlyCount "84"]
[EventDate "2015.07.03"]
[EventType "swiss"]
[EventRounds "10"]
[EventCountry "ESP"]
[Source "lmi"]
[SourceDate "2015.07.03"]

1. Nf3 d5 2. g3 Bg4 3. Bg2 Nd7 4. c4 e6 5. cxd5 exd5 6. Qb3 Nc5 7. Qc2 c6 8.
O-O Nf6 9. d3 Be7 10. Nc3 O-O 11. h3 Bxf3 12. Bxf3 Qd7 13. Bg2 Rad8 14. b4 Ne6
15. Rb1 a6 16. a3 Rfe8 17. Rd1 Bd6 18. d4 Qe7 19. Na4 h5 20. Nc5 h4 21. g4 Bb8
22. e3 Ng5 23. f4 Nge4 24. Nxe4 Nxe4 25. Bxe4 dxe4 26. Qf2 Rd5 27. Rf1 g6 28.
Bb2 Kg7 29. g5 f6 30. gxf6+ Qxf6 31. Kh1 Rh8 32. Rg1 Kf7 33. Rg4 Bd6 34. Qg2
Qe6 35. Rg1 Rh6 36. Bc3 Rf5 37. Be1 Be7 38. Bc3 Bd6 39. Ba1 Rd5 40. Rf1 Rhh5
41. Rg1 Rh6 42. Rf1 Rhh5 1/2-1/2

[Event "35. Open Villa de Benasque 2015"]
[Site "Benasque ESP"]
[Date "2015.07.08"]
[Round "7.9"]
[White "Beltran De Heredia E., Miguel"]
[Black "Arribas Lopez, Angel"]
[Result "0-1"]
[WhiteElo "2146"]
[BlackElo "2546"]
[PlyCount "96"]
[EventDate "2015.07.03"]
[EventType "swiss"]
[EventRounds "10"]
[EventCountry "ESP"]
[Source "lmi"]
[SourceDate "2015.07.03"]

1. e4 c5 2. Nf3 d6 3. d4 cxd4 4. Nxd4 Nf6 5. Nc3 a6 6. Bc4 e6 7. Bb3 Nbd7 8.
Bg5 Qa5 9. Qd2 h6 10. Bxf6 Nxf6 11. O-O-O b5 12. e5 b4 13. Na4 Ne4 14. Qe3 d5
15. Nc6 Qc7 16. Qb6 Qxb6 17. Nxb6 Bb7 18. Na5 Ra7 19. Rhe1 Nc5 20. f4 g6 21.
Kb1 Be7 22. g4 h5 23. h3 Bh4 24. Rf1 Bd8 25. Nxb7 Rxb7 26. Na4 Ne4 27. c4 bxc3
28. Nxc3 Nc5 29. Bc2 hxg4 30. hxg4 Rh4 31. f5 Rxg4 32. fxg6 fxg6 33. Rg1 Rxg1
34. Rxg1 g5 35. Rf1 Rg7 36. b4 Nd7 37. Ba4 Ke7 38. Bxd7 Kxd7 39. b5 axb5 40.
Nxb5 Bb6 41. Rf3 g4 42. Rg3 Bf2 43. Rg2 g3 44. Nc3 Rh7 45. Nd1 Rh1 46. Kc2 Rg1
47. Rxg1 Bxg1 48. Kd3 g2 0-1

[Event "35. Open Villa de Benasque 2015"]
[Site "Benasque ESP"]
[Date "2015.07.08"]
[Round "7.10"]
[White "Andersson, Ulf"]
[Black "Espinosa Aranda, Angel"]
[Result "1/2-1/2"]
[WhiteElo "2519"]
[BlackElo "2418"]
[PlyCount "65"]
[EventDate "2015.07.03"]
[EventType "swiss"]
[EventRounds "10"]
[EventCountry "ESP"]
[Source "lmi"]
[SourceDate "2015.07.03"]

1. Nf3 c5 2. c4 g6 3. d4 cxd4 4. Nxd4 Nc6 5. e4 Nf6 6. Nc3 d6 7. Be2 Nxd4 8.
Qxd4 Bg7 9. Be3 O-O 10. Qd2 a5 11. f3 a4 12. Rc1 Qa5 13. Rc2 Be6 14. Nb5 Rfc8
15. Qxa5 Rxa5 16. Kd2 Nd7 17. Nd4 Nc5 18. g4 Bd7 19. h4 Ne6 20. Nxe6 Bxe6 21.
Rhc1 a3 22. b3 Raa8 23. Bd3 Bb2 24. Rb1 Kg7 25. g5 Ra5 26. Rcxb2 axb2 27. a4 f5
28. Bb6 Ra6 29. Bd4+ Kf7 30. Rxb2 Bd7 31. e5 Bc6 32. Ke3 f4+ 33. Kxf4 1/2-1/2

[Event "35. Open Villa de Benasque 2015"]
[Site "Benasque ESP"]
[Date "2015.07.09"]
[Round "8.9"]
[White "Antal, Gergely"]
[Black "Stella, Andrea"]
[Result "1-0"]
[WhiteElo "2512"]
[BlackElo "2427"]
[PlyCount "101"]
[EventDate "2015.07.03"]
[EventType "swiss"]
[EventRounds "10"]
[EventCountry "ESP"]
[Source "lmi"]
[SourceDate "2015.07.03"]

1. e4 e6 2. d4 d5 3. Nd2 c5 4. Ngf3 Nf6 5. exd5 exd5 6. Bb5+ Bd7 7. Bxd7+ Nbxd7
8. O-O Be7 9. dxc5 Nxc5 10. Nb3 Nce4 11. Nfd4 Nd6 12. Qf3 O-O 13. Nf5 Nxf5 14.
Qxf5 Re8 15. Rd1 Rc8 16. Bg5 g6 17. Qd3 Qc7 18. Bxf6 Bxf6 19. c3 Re5 20. g3
Rce8 21. Nd4 Qb6 22. Qb5 Qxb5 23. Nxb5 Bd8 24. Rd2 Bb6 25. Rad1 a6 26. Nd4 Re1+
27. Rxe1 Rxe1+ 28. Kg2 Bxd4 29. Rxd4 Re2 30. b4 Rxa2 31. Rxd5 Rc2 32. Rc5 h5
33. Rc7 b5 34. Rc6 Ra2 35. Kf3 a5 36. Rc5 a4 37. Ke3 Rc2 38. Rxb5 Rxc3+ 39. Kd4
Rf3 40. Ra5 Rxf2 41. b5 h4 42. b6 Rb2 43. Kc5 hxg3 44. hxg3 Rc2+ 45. Kd6 Rb2
46. Kc6 Kg7 47. Rxa4 f5 48. Ra5 Kf6 49. b7 Rxb7 50. Kxb7 g5 51. Kc6 1-0

[Event "35. Open Villa de Benasque 2015"]
[Site "Benasque ESP"]
[Date "2015.07.09"]
[Round "8.10"]
[White "Movsziszian, Karen"]
[Black "Baron, Tal"]
[Result "1/2-1/2"]
[WhiteElo "2454"]
[BlackElo "2509"]
[PlyCount "252"]
[EventDate "2015.07.03"]
[EventType "swiss"]
[EventRounds "10"]
[EventCountry "ESP"]
[Source "lmi"]
[SourceDate "2015.07.03"]

1. g3 c5 2. Bg2 Nc6 3. d3 d5 4. Nd2 Nf6 5. e4 e5 6. Ngf3 Be7 7. O-O O-O 8. Re1
d4 9. Nc4 Qc7 10. a4 Ne8 11. b3 Be6 12. Ng5 Bxg5 13. Bxg5 Nd6 14. Bd2 f6 15. f4
Nxc4 16. bxc4 exf4 17. gxf4 f5 18. e5 Ne7 19. Qf3 Rab8 20. Qg3 b6 21. h4 Kh8
22. Kh2 Ng8 23. Bd5 Qd7 24. Qg2 Nh6 25. Bc6 Qe7 26. Kh3 Bd7 27. Bd5 Qe8 28. c3
dxc3 29. Bxc3 Be6 30. a5 b5 31. Bc6 Qd8 32. cxb5 Qxd3+ 33. Qg3 Rfd8 34. Rad1
Qc2 35. Rd6 Ng4 36. Rg1 Bc4 37. b6 axb6 38. axb6 Nf2+ 39. Kh2 Ng4+ 40. Kh3 Rxd6
41. exd6 Nf2+ 42. Qxf2 Qxf2 43. Rxg7 Bf1+ 44. Rg2+ Qd4 45. Bxd4+ cxd4 46. d7 d3
47. Kh2 Bxg2 48. Kxg2 d2 49. Bf3 Kg7 50. Kf2 Kf6 51. Ke2 Ke7 52. b7 Kxd7 53.
Kxd2 Kc7 54. Ke3 Rd8 55. Bg2 h6 56. h5 Rd1 57. Bf3 Rf1 58. Bg2 Rg1 59. Bf3 Rg3
60. Kf2 Rg7 61. Ke3 Rd7 62. Bg2 Rd6 63. Bf3 Rd8 64. Bg2 Kb6 65. Bd5 Kc5 66. Bf3
Kc4 67. Bc6 Rd3+ 68. Kf2 Rb3 69. Bf3 Kd4 70. Bc6 Rb2+ 71. Kg3 Ke3 72. Bd5 Ke2
73. Bf3+ Kf1 74. Bd5 Kg1 75. Be6 Rxb7 76. Bxf5 Rb3+ 77. Kg4 Kf2 78. Bd7 Rb7 79.
Be8 Rb8 80. Bd7 Rf8 81. f5 Ke3 82. Be6 Ke4 83. Kg3 Ke5 84. Kg4 Rd8 85. Kg3 Rd4
86. Kh3 Kf6 87. Kg3 Kg5 88. Bf7 Rd3+ 89. Kf2 Kf4 90. Bg6 Rd2+ 91. Ke1 Ke3 92.
f6 Rd8 93. f7 Kf3 94. Bf5 Kf4 95. Bg6 Ke3 96. Kf1 Ra8 97. Kg2 Ra2+ 98. Kg3 Rf2
99. Kg4 Rf1 100. Kg3 Rf4 101. Kg2 Rf6 102. Kg3 Kd2 103. Kg2 Ke2 104. Kg1 Rf2
105. Bd3+ Ke1 106. Bg6 Rf4 107. Kg2 Rf6 108. Kg1 Rf2 109. Kh1 Kd2 110. Kg1 Ke3
111. Kh1 Rf4 112. Kg2 Ke2 113. Kg3 Rf2 114. Kg4 Rf6 115. Kg3 Kf1 116. Bd3+ Kg1
117. Bc4 Rf5 118. Be6 Rf2 119. Bd5 Rf6 120. Bc4 Rf2 121. Bd5 Rf5 122. Be6 Rf2
123. Bd5 Rf6 124. Bc4 Kh1 125. Bd5+ Kg1 126. Bc4 Rf5 1/2-1/2

[Event "35. Open Villa de Benasque 2015"]
[Site "Benasque ESP"]
[Date "2015.07.10"]
[Round "9.1"]
[White "Cori, Jorge"]
[Black "Rodshtein, Maxim"]
[Result "0-1"]
[WhiteElo "2623"]
[BlackElo "2678"]
[PlyCount "126"]
[EventDate "2015.07.03"]
[EventType "swiss"]
[EventRounds "10"]
[EventCountry "ESP"]
[Source "lmi"]
[SourceDate "2015.07.03"]

1. d4 Nf6 2. Nf3 g6 3. Bf4 Bg7 4. c3 O-O 5. h3 d6 6. e3 Nfd7 7. Nbd2 e5 8. dxe5
dxe5 9. Bg3 Qe7 10. Be2 Nb6 11. a4 a5 12. Nc4 N8d7 13. O-O Nxc4 14. Bxc4 Nb6
15. Bb3 Bd7 16. Qc2 Bc6 17. e4 Kh8 18. Rfe1 Rad8 19. Bh4 f6 20. Nd2 Qc5 21. Nf1
Bh6 22. Rad1 Kg7 23. Kh1 Bg5 24. Bxg5 fxg5 25. Rxd8 Rxd8 26. Ne3 h5 27. Kg1 Qe7
28. Nc4 Nxc4 29. Bxc4 g4 30. Re3 gxh3 31. Rxh3 Rd6 32. Rf3 Qg5 33. Re3 Qg4 34.
Be2 Qd7 35. b3 Rd2 36. Qc1 Qd6 37. Qe1 Bd7 38. Qb1 Qb6 39. Rd3 Rxe2 40. Rxd7+
Kf8 41. Qf1 Rb2 42. Kh2 Qf6 43. Kg1 Qf4 44. Rd3 Ke7 45. c4 Qxe4 46. Qd1 Qf5 47.
Qe1 Ke6 48. Re3 b6 49. g3 g5 50. Kg2 h4 51. gxh4 gxh4 52. c5 bxc5 53. Qf1 Qg4+
54. Kh1 Rd2 55. Qa6+ Kf7 56. Qxa5 Rd1+ 57. Kh2 Qf4+ 58. Kg2 Qg4+ 59. Kh2 Qg1+
60. Kh3 Qh1+ 61. Kg4 Qg2+ 62. Rg3 Qe4+ 63. Kh5 Qh7+ 0-1

[Event "35. Open Villa de Benasque 2015"]
[Site "Benasque ESP"]
[Date "2015.07.10"]
[Round "9.2"]
[White "Romanov, Evgeny"]
[Black "Granda Zuniga, Julio E"]
[Result "1/2-1/2"]
[WhiteElo "2575"]
[BlackElo "2652"]
[PlyCount "119"]
[EventDate "2015.07.03"]
[EventType "swiss"]
[EventRounds "10"]
[EventCountry "ESP"]
[Source "lmi"]
[SourceDate "2015.07.03"]

1. d4 Nf6 2. c4 e6 3. Nf3 d5 4. Nc3 Be7 5. Bf4 O-O 6. e3 c5 7. dxc5 Bxc5 8. a3
Nc6 9. b4 Be7 10. cxd5 exd5 11. Be2 Be6 12. Ne5 Nd7 13. Nxc6 bxc6 14. O-O Nb6
15. Ba6 Bc8 16. Bd3 a5 17. Rb1 g6 18. Ne2 Bd7 19. Nd4 axb4 20. axb4 Ra4 21. b5
c5 22. Nc6 Bxc6 23. bxc6 Rxf4 24. exf4 c4 25. Be2 Bc5 26. Bf3 Qd6 27. f5 Qxc6
28. fxg6 hxg6 29. h4 Rd8 30. h5 g5 31. Qc2 Qd7 32. Qd2 Qe7 33. Rb5 Rc8 34. Bxd5
c3 35. Bxf7+ Kxf7 36. Qxc3 Qf6 37. Qd3 Kf8 38. h6 Kg8 39. Qc2 Bd4 40. Qf5 Qxf5
41. Rxf5 Rc5 42. Rxc5 Bxc5 43. Rb1 g4 44. Rb5 Nd7 45. g3 Kh8 46. Kf1 Bf8 47.
Rg5 Nf6 48. Rg6 Be7 49. Rg7 Bc5 50. Ke2 Bd4 51. Rf7 Bb2 52. Kd3 Ng8 53. Rb7 Ba1
54. Ke4 Nxh6 55. Kf4 Bf6 56. Ke4 Kg8 57. Kd5 Kf8 58. Ke6 Bc3 59. Rh7 Bg7 60.
Rxh6 1/2-1/2

[Event "35. Open Villa de Benasque 2015"]
[Site "Benasque ESP"]
[Date "2015.07.10"]
[Round "9.3"]
[White "Adhiban, B."]
[Black "Antal, Gergely"]
[Result "1-0"]
[WhiteElo "2627"]
[BlackElo "2512"]
[PlyCount "67"]
[EventDate "2015.07.03"]
[EventType "swiss"]
[EventRounds "10"]
[EventCountry "ESP"]
[Source "lmi"]
[SourceDate "2015.07.03"]

1. d4 Nf6 2. c4 g6 3. f3 d5 4. cxd5 Nxd5 5. e4 Nb6 6. Nc3 Bg7 7. Be3 O-O 8. Qd2
Be6 9. d5 Bc8 10. h4 c6 11. Bh6 Qd6 12. O-O-O Bxh6 13. Qxh6 Qf6 14. g4 e6 15.
h5 Qg7 16. hxg6 Qxh6+ 17. Rxh6 fxg6 18. dxe6 Bxe6 19. Nh3 Kg7 20. Rxh7+ Kxh7
21. Ng5+ Kg8 22. Nxe6 Rxf3 23. Nc7 Rf8 24. e5 N8d7 25. e6 Nf6 26. e7 Rfe8 27.
Nxa8 Nxa8 28. Bc4+ Kg7 29. g5 Ng8 30. Rd8 Nc7 31. Ne4 Nxe7 32. Rd7 Ncd5 33.
Bxd5 cxd5 34. Nd6 1-0

[Event "35. Open Villa de Benasque 2015"]
[Site "Benasque ESP"]
[Date "2015.07.10"]
[Round "9.4"]
[White "Naroditsky, Daniel"]
[Black "Campora, Daniel H"]
[Result "1-0"]
[WhiteElo "2622"]
[BlackElo "2437"]
[PlyCount "69"]
[EventDate "2015.07.03"]
[EventType "swiss"]
[EventRounds "10"]
[EventCountry "ESP"]
[Source "lmi"]
[SourceDate "2015.07.03"]

1. d4 Nf6 2. c4 e6 3. Nc3 d5 4. cxd5 exd5 5. Bg5 Nbd7 6. e3 c6 7. Bd3 Be7 8.
Qc2 O-O 9. Nge2 Re8 10. O-O a6 11. Rad1 Nf8 12. f3 Be6 13. Bh4 Rc8 14. Bf2 g6
15. Kh1 b5 16. a3 N6d7 17. Nf4 Nb6 18. e4 Bd7 19. Be3 Ne6 20. Nce2 Bf8 21. Nxe6
Bxe6 22. e5 Nc4 23. Bg1 f6 24. f4 Bg7 25. b3 Nxa3 26. Qb2 Qe7 27. f5 gxf5 28.
Nf4 Bf7 29. e6 Bg6 30. g4 fxg4 31. Nxg6 hxg6 32. Bxg6 Red8 33. Qe2 b4 34. Qxg4
Nb5 35. Bf7+ 1-0

[Event "35. Open Villa de Benasque 2015"]
[Site "Benasque ESP"]
[Date "2015.07.10"]
[Round "9.5"]
[White "Gagare, Shardul"]
[Black "Grigoriants, Sergey"]
[Result "0-1"]
[WhiteElo "2425"]
[BlackElo "2594"]
[PlyCount "28"]
[EventDate "2015.07.03"]
[EventType "swiss"]
[EventRounds "10"]
[EventCountry "ESP"]
[Source "lmi"]
[SourceDate "2015.07.03"]

1. c4 e5 2. g3 Nf6 3. Bg2 Nc6 4. Nc3 Bc5 5. a3 a6 6. e3 d6 7. Nge2 O-O 8. O-O
Bf5 9. d4 Ba7 10. h4 h6 11. Kh2 Re8 12. b4 exd4 13. exd4 Qd7 14. Be3 Ne7 0-1

[Event "35. Open Villa de Benasque 2015"]
[Site "Benasque ESP"]
[Date "2015.07.10"]
[Round "9.6"]
[White "Jakubowski, Krzysztof"]
[Black "Arribas Lopez, Angel"]
[Result "1/2-1/2"]
[WhiteElo "2565"]
[BlackElo "2546"]
[PlyCount "81"]
[EventDate "2015.07.03"]
[EventType "swiss"]
[EventRounds "10"]
[EventCountry "ESP"]
[Source "lmi"]
[SourceDate "2015.07.03"]

1. e4 e6 2. d4 d5 3. Nc3 Nf6 4. e5 Nfd7 5. f4 c5 6. Nf3 Nc6 7. Be3 a6 8. Qd2 b5
9. dxc5 Nxc5 10. Qf2 b4 11. Bxc5 bxc3 12. b3 Nb4 13. Bxf8 Rxf8 14. Bd3 Nxd3+
15. cxd3 d4 16. Qxd4 Qxd4 17. Nxd4 Bb7 18. Ke2 Ke7 19. Nf3 f6 20. Rac1 fxe5 21.
fxe5 Rac8 22. Rhf1 Rf5 23. d4 a5 24. Ke3 c2 25. Rf2 Bxf3 26. Rxf3 Rc3+ 27. Ke4
Rfxf3 28. gxf3 g5 29. f4 g4 30. f5 exf5+ 31. Kxf5 h5 32. d5 Rc5 33. a3 Rxd5 34.
Rxc2 Rd3 35. b4 Rf3+ 36. Kg5 Rxa3 37. bxa5 Rxa5 38. Kf5 Ra3 39. Rc7+ Kd8 40.
Rh7 Rh3 41. Rh8+ 1/2-1/2

[Event "35. Open Villa de Benasque 2015"]
[Site "Benasque ESP"]
[Date "2015.07.10"]
[Round "9.7"]
[White "Abergel, Thal"]
[Black "Stocek, Jiri"]
[Result "1/2-1/2"]
[WhiteElo "2440"]
[BlackElo "2573"]
[PlyCount "122"]
[EventDate "2015.07.03"]
[EventType "swiss"]
[EventRounds "10"]
[EventCountry "ESP"]
[Source "lmi"]
[SourceDate "2015.07.03"]

1. e4 e6 2. d4 d5 3. Nc3 Bb4 4. a3 Bxc3+ 5. bxc3 dxe4 6. Qg4 Nf6 7. Qxg7 Rg8 8.
Qh6 c5 9. Ne2 Bd7 10. g3 Rg6 11. Qd2 Bc6 12. Bg2 h5 13. O-O h4 14. Nf4 Rg8 15.
a4 Qa5 16. Ba3 Nbd7 17. dxc5 O-O-O 18. Bb4 Ne5 19. Nd5 Rxd5 20. Qxd5 Nxd5 21.
Bxa5 Nf3+ 22. Bxf3 exf3 23. c4 Nf4 24. Rfd1 Nh3+ 25. Kf1 hxg3 26. fxg3 Ng5 27.
Rd3 e5 28. Rad1 Ne6 29. Rd6 Bxa4 30. Ra1 Bxc2 31. Bc3 Nxc5 32. Rxa7 Kb8 33. Ra5
Bd3+ 34. Kg1 f2+ 35. Kxf2 Ne4+ 36. Ke3 Nxd6 37. Bxe5 b6 38. Bxd6+ Kb7 39. Ra4
b5 40. cxb5 Bxb5 41. Rf4 Kc6 42. Bb4 Rg7 43. Bc3 Rg8 44. Rxf7 Bc4 45. Rf6+ Kd7
46. Kf2 Be6 47. h4 Rc8 48. Rf3 Rc5 49. Re3 Rf5+ 50. Kg2 Bd5+ 51. Kh3 Rf3 52.
Rxf3 Bxf3 53. g4 Ke6 54. h5 Kf7 55. Kh4 Bd1 56. Kg5 Be2 57. Kf4 Bd1 58. Kg5 Be2
59. Kh4 Bd1 60. g5 Bc2 61. Kg3 Bb1 1/2-1/2